000466250 001__ 466250 000466250 005__ 20201223144322.0 000466250 0247_ $$2doi$$a10.1080/13554794.2014.902471 000466250 0247_ $$2WOS$$aWOS:000349444600001 000466250 0247_ $$2pmid$$apmid:24679121 000466250 0247_ $$2ISSN$$a1355-4794 000466250 0247_ $$2ISSN$$a1465-3656 000466250 0247_ $$2SCOPUS$$aSCOPUS:2-s2.0-84924258559 000466250 037__ $$aRWTH-2015-01993 000466250 041__ $$aEnglish 000466250 082__ $$a610 000466250 1001_ $$aSidiropoulos, Kyriakos$$b0 000466250 245__ $$aThe relationship between verbal and nonverbal auditory signal processing in conduction aphasia : behavioral and anatomical evidence for common decoding mechanisms$$honline, print 000466250 260__ $$aLondon [u.a.]$$bPsychology Press$$c2015 000466250 3367_ $$00$$2EndNote$$aJournal Article 000466250 3367_ $$2DRIVER$$aarticle 000466250 3367_ $$0PUB:(DE-HGF)16$$2PUB:(DE-HGF)$$aJournal Article$$bjournal$$mjournal 000466250 3367_ $$2BibTeX$$aARTICLE 000466250 3367_ $$2DataCite$$aOutput Types/Journal article 000466250 3367_ $$2ORCID$$aJOURNAL_ARTICLE 000466250 588__ $$aDataset connected to CrossRef, publications.rwth-aachen.de 000466250 591__ $$aGermany 000466250 7001_ $$0P:(DE-82)120364$$ade Bleser, Ria$$b1 000466250 7001_ $$aAblinger, Irene$$b2 000466250 7001_ $$0P:(DE-82)078381$$aAckermann, Hermann$$b3 000466250 773__ $$0PERI:(DE-600)1497469-1$$a10.1080/13554794.2014.902471$$n3$$p377-393$$tNeurocase$$v21$$x1465-3656$$y2015 000466250 909CO $$ooai:publications.rwth-aachen.de:466250$$pVDB 000466250 9141_ $$y2015 000466250 9151_ $$0StatID:(DE-HGF)0031$$2HGFVOC$$aPeer reviewed article$$x0 000466250 915__ $$0StatID:(DE-HGF)0200$$2StatID$$aDBCoverage$$bSCOPUS 000466250 915__ $$0StatID:(DE-HGF)0300$$2StatID$$aDBCoverage$$bMedline 000466250 915__ $$0StatID:(DE-HGF)0100$$2StatID$$aJCR$$bNEUROCASE : 2014 000466250 915__ $$0StatID:(DE-HGF)0199$$2StatID$$aDBCoverage$$bThomson Reuters Master Journal List 000466250 915__ $$0StatID:(DE-HGF)0111$$2StatID$$aWoS$$bScience Citation Index Expanded 000466250 915__ $$0StatID:(DE-HGF)0150$$2StatID$$aDBCoverage$$bWeb of Science Core Collection 000466250 915__ $$0StatID:(DE-HGF)1110$$2StatID$$aDBCoverage$$bCurrent Contents - Clinical Medicine 000466250 915__ $$0StatID:(DE-HGF)9900$$2StatID$$aIF < 5 000466250 915__ $$0StatID:(DE-HGF)0420$$2StatID$$aNationallizenz 000466250 915__ $$0StatID:(DE-HGF)0100$$2StatID$$aJCR$$bNEUROCASE : 2015 000466250 915__ $$0StatID:(DE-HGF)0600$$2StatID$$aDBCoverage$$bEbsco Academic Search 000466250 9201_ $$0I:(DE-82)535010-1_20140620$$k535010-1$$lLehr- und Forschungsgebiet Schlaganfallforschung und Neurorehabilitation (N.N.)$$x0 000466250 9201_ $$0I:(DE-82)535000-4_20140620$$k535000-4$$lLehrstuhl für Klinische Kognitionsforschung (FZ Jülich)$$x1 000466250 961__ $$c2015-05-05T15:25:44.706175$$x2015-05-05T15:25:44.706175$$z2015-05-06 000466250 980__ $$ajournal 000466250 980__ $$aVDB 000466250 980__ $$aI:(DE-82)535010-1_20140620 000466250 980__ $$aI:(DE-82)535000-4_20140620 000466250 980__ $$aUNRESTRICTED